000 00459nam a2200145Ia 4500
008 220217s9999 xx 000 0 und d
245 0 _aSpecification for equipment and general procedure for mixing and vulcanizing rubber test mixes
260 _aLondon
260 _c1976
_bBritish Standards Institution
490 _aBritish Standards
500 _aStandard number: BS 1674
650 _aRubber test mixes
650 _aRubber vulcanization
942 _cST
999 _c73030
_d73030